Statistics for TV Professions Quiz

Click here to take the quiz!

General Stats

  • This quiz has been taken 33,625 times
    (11,297 since last reset)
  • The average score is 12 of 20

Answer Stats

Character Show Profession % Correct
Joey TribbianiFriendsActor
90%
Heathcliff HuxtableCosby ShowDoctor
86%
Carla EspinosaScrubsNurse
84%
Ally McBealAlly McBealLawyer
79%
Jerry SeinfeldSeinfeldComedian
73%
Thomas MagnumMagnum, P.I.Private
Investigator
69%
Carrie BradshawSex and the CityColumnist
65%
Seymour SkinnerThe SimpsonsPrincipal
63%
SpongeBobSpongeBob SquarePantsFry Cook
61%
Jed BartlettThe West WingPresident
59%
Carl WinslowFamily MattersPolice Officer
59%
Cliff ClavinCheersMailman
56%
Alice NelsonThe Brady BunchHousekeeper
54%
Ted MosbyHow I Met Your MotherArchitect
54%
Al BundyMarried... with ChildrenShoe
Salesman
47%
Ari GoldEntourageAgent
39%
Sydney BristowAliasSpy
38%
Lynn BelvedereMr. BelvedereButler
32%
Ralph KramdenThe HoneymoonersBus Driver
29%
Gob BluthArrested DevelopmentIllusionist
25%

Score Distribution

Percentile by Number Answered

Percent of People with Each Score

Your Score History

You have not taken this quiz since the last reset